| 000 | 00619nam a2200205 4500 | ||
|---|---|---|---|
| 999 |
_c8480 _d8480 |
||
| 001 | 22059 | ||
| 003 | BD-DhUAP | ||
| 005 | 20240324121312.0 | ||
| 008 | 240324b19962014ny a|||| |||| 001 0aeng d | ||
| 020 | _a9780194372060 | ||
| 040 |
_aBD-DhUAP _bEng _cBD-DhUAP _dBD-DhUAP |
||
| 082 |
_223 _a410 WId |
||
| 100 | _aWiddowson, H. G. | ||
| 245 |
_aLinguistics: _bIntroductions to Language Study/ _cH.G.Widdowson. |
||
| 260 |
_aNew York; _b Oxford University Press, _c2014. |
||
| 300 |
_a xiii, 134 pages _bill. ; _c20 cm |
||
| 504 | _a 125-132 Includes bibliographical references. | ||
| 650 | _aLinguistics | ||
| 942 |
_2ddc _cBK |
||